Capítulo IV : La estructura social en el orden oligárquico /
Guardado en:
| Hovedforfatter: | |
|---|---|
| Format: | Ukendt |
| Udgivet: |
Buenos Aires:
CLACSO
|
| Fag: | |
| Tags: |
Tilføj Tag
Ingen Tags, Vær først til at tagge denne postø!
|
MARC
| LEADER | 00000 a2200000 04500 | ||
|---|---|---|---|
| 001 | 38239 | ||
| 003 | cru CIDCACS/IIS | ||
| 005 | 20170525095340.0 | ||
| 008 | 991231s d | ||
| 020 | |a 978-987-1183-86-9 | ||
| 022 | |a 978-987-1183-86-9 | ||
| 040 | |c CIDCACS/IIS | ||
| 090 | |a SO05.01.01 R741p | ||
| 100 | |a Roitman Rosenmann, Marcos | ||
| 245 | |a Capítulo IV : |b La estructura social en el orden oligárquico / |c Marcos Roitman Rosenmann | ||
| 260 | |a Buenos Aires: |b CLACSO | ||
| 300 | |a Páginas 161-206 | ||
| 650 | |a ESTRUCTURAS SOCIALES | ||
| 650 | |a CLASES SOCIALES | ||
| 650 | |a ADQUISICION DE TIERRAS | ||
| 650 | |a AMERICA LATINA | ||
| 942 | |2 ddc |c LI | ||
| 773 | 0 | |0 9181 |9 945 |a Roitman Rosenmann, Marcos |d Buenos Aires: CLACSO |o 05845 |t Pensar América Latina: |w (cru CIDCACS/IIS)38237 |z 978-987-1183-86-9 | |
| 999 | |c 16548 |d 16548 | ||



